02825nam a22001937a 4500008004400000082001800044110001300062245009700075250001800172260004200190300004500232505219900277653002502476653002502501653001302526653002402539653003002563700003802593170812s2016 gt||||| |||| 00| 0 spa d04a700.29bO127s1 aJuannio.10aSubasta de arte Latinoamericano Juannio 2016 /cJuannio ; editado por Silvia Obiols de Tres. a1a edición. aGuatemala :bBanco Industrial,c2016. a166 páginas :bilustraciones en color.0 tObras seleccionada del concurso rPilar Guinea Gil, Juan Julio Toc, Adrian Flores Sancho, Rodolfo de León, Pablo López, Andrés Vargas, Manuel Chavajay, Nora Pérez, Andrea Monroy Palacios, Antonio Pichillá, Hugo Pérez, Alejandro Leal, Inés Verdugo, Gustavo Adolfo Juárez, Mario Méndez Estrada, Proyecto Sitio-Seña, Jorge Linares, Diego Orellana Xocop, Marilyn Boror, Esvin Alarcón Lam, Luiso Ponce, Sergio Valencia Salazar, David Pellecer Ruíz y Diego Sagastume.tObras ganadoras concurso 2016rMaría Alejandra González, Diego Morales Portillo, Gabriel Rodríguez Pellecer y David Pérez Karmadavis.tSelección del comitérCarlos Valenti, Julio Le Parc, Antonio Asís, Edgar Negret, Luis Tomasello, Jesús Rafael Soto, Rodolfo Mishaan, Luis Díaz, Carlos Mérida, Roberto González Goyri, Marco Augusto Quiroa, Roberto Cabrera, Elmar René Rojas, Rolando Ixquiac Xicará, Magda Eunice Sánchez, Ramón Ávila, Gunther Gerzso, Mariadolores Castellanos, Tomás Sánchez, José Franciso Tún, Alfredo Ceibal, Ramón Chirinos, Alex Cuchilla, Santiago Beltran Valladares, Marcelo Suaznabar, Jonathan Ardón, Arnoldo Ramírez Amaya, Max Leiva, Daniel Chauche, Julio Zadik, Leo Matiz, Adriana Cora, MaritzaCaneca, Luciano Goizueta, Danny Zavaleta, Marlov Barrios, Simón Vega, Mauricio Esquivel,Walterio Iraheta, Pedro Tyler, Norman Morales, Erick Menchú, Ángel Poyón, Susan Fenton,Helen Ascoli, James Sullivan, Fernando Poyón, Patrick Hamilton, Darío Escobar, Adán Vallecillo,Edgar Calel, Guillermo Vargas (Habacuc), Joaquín Sánchez, Miguel Ángel Ríos, Ana Teresa Barbosa, Sandra Monterroso, Débora Bolsoni, Christian Dietkus Lord, Gabriel de la Mora, Regina Prado, Lourdes de la Riva, Edwin José Bixcul, Benvenuto Chavajay,Jorge de León, Andrés Asturias, Pablo Boneu, Luis González Palma, Alejandría Mastro, José Manuel Mayorga, Nahum, Mónica Serra, Paulo Whitaker, Amber Rose, Luca Bray, Douglas Witmer, Larry Spaid, Marc Monteleone, Liza Marzolo, José Toledo, Tepeu Choc, Dennis Leder, Patricia Salamonde, Cristina Hauk, Jamie Bischof, Graciela Hasper, Mónica Torreabierta, Érica Muralles e Isabel Hooft.10aArte contemporáneo10aArte Latinoamericano10aSubastas10aCatálogo de obras10aArtistas Latinoamericanos1 aObiols de Tres, Silvia.eeditora.